| 000 | 01060nam a22002775a 4500 | ||
|---|---|---|---|
| 003 | OSt | ||
| 005 | 20170116130556.0 | ||
| 008 | 161031s2009 ua frb 000 0 ara d | ||
| 015 | _a2006/19776 | ||
| 020 | _a9770450189 | ||
| 040 |
_aEG-ScBUE _bara _cEG-ScBUE |
||
| 043 | _af-ua--- | ||
| 082 | 0 | 4 |
_a342.62085 _bخ ا ط _222 |
| 100 | 1 | _aخاطر، شريف يوسف. | |
| 245 | 1 | 2 |
_aالحماية الدستورية لمبدأ الكرامة الإنسانية : _bدراسة مقارنة / _cشريف يوسف خاطر ؛ تقديم صلاح الدين فوزي. |
| 250 | _aط. 2. | ||
| 260 |
_aالقاهرة : _bدار النهضة العربية، _c2009. |
||
| 300 |
_a228 ص. ؛ _c24 سم. |
||
| 504 | _aيشتمل على إرجاعات ببليوجرافية. | ||
| 650 | 0 |
_aحقوق الإنسان _xقوانين وتشريعات _zمصر. _2BUEsh |
|
| 651 | _2BUEsh | ||
| 653 |
_bLLAAWW _cOctober2016 |
||
| 650 | 0 |
_941131 _aالقانون الدستوري _zمصر _2BUEsh |
|
| 700 | 1 |
_aفوزي، صلاح الدين، _eمقدم. |
|
| 942 | _2ddc | ||
| 999 |
_c22941 _d22913 |
||